000 00227 a2200097 4500
020 _a9789364870467
100 _aM. P. Lipin Raj
245 _aAnti karma(ആൻറി കർമ്മ)
260 _bD C books
_c2024
942 _cOO
999 _c115315
_d115314